[Event "Danmarksmesterskabet 2026"]
[Site "Svendborg"]
[Date "2026.04.02"]
[Round "6.4"]
[White "Chatalbashev, Boris"]
[Black "Liu, Casper Yukun"]
[Result "1-0"]
[WhiteElo "2534"]
[BlackElo "2334"]
[WhiteFideId "2900440"]
[BlackFideId "1454153"]
[EventDate "2026.03.28"]
[EventType "tourn"]
[EventRounds "9"]
[EventCountry "DEN"]
[SourceTitle "Live v. Kasper Jerwiarz"]

1. Nf3 d5 2. g3 Nf6 3. Bg2 e6 4. O-O Be7 5. c4 O-O 6. b3 c5 7. cxd5 Nxd5 8. Bb2 Nc6 9. d4 cxd4 10. Nxd4 Nxd4 11. Qxd4 Bf6 12. Qd2 Nf4 13. gxf4 Qxd2 14. Nxd2 Bxb2 15. Rad1 Rb8 16. Nc4 Bf6 17. b4 Rd8 18. b5 Kf8 19. a4 Rxd1 20. Rxd1 b6?! { Inaccuracy. Ke7 was best. } 21. Bc6 a6 22. e4 axb5 23. axb5 e5 24. fxe5 Be7 25. Ra1?! { Inaccuracy. Kg2 was best. } 25... Bc5 26. Bd5 Be6 27. Bxe6 fxe6 28. Ra6 Rd8?! { Inaccuracy. g5 was best. } 29. Nxb6 Rd2 30. Na4?? { Blunder. Nc4 was best. } 30... Bxf2+ 31. Kf1 Kf7?? { Blunder. Bd4 was best. } 32. b6 Bd4 33. Ra7+ Ke8 34. Ra8+?! { Inaccuracy. Rxg7 was best. } 34... Ke7 35. b7?? { Blunder. Ra7+ was best. } 35... Bxe5 36. b8=Q Bxb8 37. Rxb8 Rxh2 38. Nc5 Kd6?! { Inaccuracy. Rc2 was best. } 39. Nd3 Rd2?! { Inaccuracy. Ke7 was best. } 40. Rg8 h5? { Mistake. g6 was best. } 41. Nf2 Ke5 42. Rxg7 Kf4 43. Kg2 h4?! { Inaccuracy. Ra2 was best. } 44. Rf7+ Ke3 45. Rf3+ Ke2 46. Rh3 Ke1 47. Rh1+ Ke2 48. Rxh4 Ke1 49. Rf4 1-0

[Event "Danmarksmesterskabet 2026"]
[Site "Svendborg"]
[Date "2026.04.02"]
[Round "6.5"]
[White "Nielsen, Viktor Haarmark"]
[Black "Pilgaard, Kim"]
[Result "1-0"]
[WhiteElo "2389"]
[BlackElo "2355"]
[WhiteFideId "1444492"]
[BlackFideId "1400657"]
[EventDate "2026.03.28"]
[EventType "tourn"]
[EventRounds "9"]
[EventCountry "DEN"]
[SourceTitle "Live v. Kasper Jerwiarz"]

1. e4 e5 2. Nf3 Nc6 3. Bb5 a6 4. Ba4 Nf6 5. O-O Be7 6. d3 b5 7. Bb3 d6 8. c3 Na5 9. Bc2 c5 10. d4 cxd4 11. cxd4 Nc6 12. h3 O-O 13. Nc3 Bd7 14. d5 Na5 15. Bd3 Qc7 16. Ne2 Rfc8 17. Ng3 Qd8 18. Qe2?! { Inaccuracy. Rb1 was best. } 18... Nc4?! { Inaccuracy. Nb7 was best. } 19. b3 Nb6 20. Bd2 Qe8 21. Rfc1 Rxc1+ 22. Rxc1 Rc8 23. Qd1 Rxc1 24. Qxc1 Qb8? { Mistake. Kf8 was best. } 25. Qa3 Qb7?! { Inaccuracy. Bd8 was best. } 26. Bb4 Nc8 27. Nxe5 Bxh3 28. Nc6 Bg4 29. Nxe7+ 1-0

[Event "Danmarksmesterskabet 2026"]
[Site "Svendborg"]
[Date "2026.04.03"]
[Round "7.1"]
[White "Hansen, Sune Berg"]
[Black "Chatalbashev, Boris"]
[Result "1/2-1/2"]
[WhiteElo "2498"]
[BlackElo "2534"]
[WhiteFideId "1400266"]
[BlackFideId "2900440"]
[EventDate "2026.03.28"]
[EventType "tourn"]
[EventRounds "9"]
[EventCountry "DEN"]
[SourceTitle "Live v. Kasper Jerwiarz"]

1. e4 c5 2. Nf3 d6 3. Bc4 Nf6 4. d3 Nc6 5. O-O g6 6. c3 Bg7 7. a4 O-O 8. Be3 b6 9. d4 cxd4 10. cxd4 d5?! { Inaccuracy. Nb4 was best. } 11. Bb5 Bd7 12. e5 Ne4 13. Ne1 f6 14. f3 Ng5 15. Nc3 Nb4?! { Inaccuracy. a6 was best. } 16. f4 Nf7 17. Nd3 Bxb5 18. Nxb5 Nxd3 19. Qxd3 a6 20. Nc3 e6 21. Rac1 Nh6 22. Ne2 Qd7 23. b3 b5 24. axb5 Qxb5 25. Qxb5 axb5 26. Ra1 Nf5 27. Bf2 fxe5 28. dxe5 g5 29. g3 gxf4 30. Rxa8 Rxa8 31. Nxf4 Ra6 32. Re1 Kf7 33. Nd3 Ra3 34. g4 Nh6 35. Rf1 Rxb3 36. Bg3+?? { Blunder. Nc5 was best. } 36... Ke7 37. Nc5 Rxg3+?? { Blunder. Rc3 was best. } 38. hxg3 Bxe5 39. Nd3 Bd4+ 40. Kg2 Nxg4 41. Rb1 1/2-1/2

[Event "Danmarksmesterskabet 2026"]
[Site "Svendborg"]
[Date "2026.04.03"]
[Round "7.2"]
[White "Liu, Casper Yukun"]
[Black "Ochsner, Bjorn Moller"]
[Result "1-0"]
[WhiteElo "2334"]
[BlackElo "2461"]
[WhiteFideId "1454153"]
[BlackFideId "1416928"]
[EventDate "2026.03.28"]
[EventType "tourn"]
[EventRounds "9"]
[EventCountry "DEN"]
[SourceTitle "Live v. Kasper Jerwiarz"]

1. e4 c5 2. Nf3 d6 3. d4 cxd4 4. Nxd4 Nf6 5. Nc3 a6 6. Bg5 Nbd7 7. Bc4 Qb6 8. Bb3 e6 9. Bxf6 Nxf6 10. Qd2 Be7 11. O-O-O O-O 12. f4 Qc5 13. g4 Nxg4 14. Rhg1 Nf6 15. f5 exf5 16. exf5 Bxf5?? { Blunder. Kh8 was best. } 17. Nd5 Bg6 18. Nxe7+ Kh8 19. Nxg6+ hxg6 20. Rg5 Qb6 21. Re1 d5 22. Rge5 Rad8 23. Nf3 Kg8 24. Bxd5 Rd7 25. c4 Rc8 26. Kb1 Qd8 27. Ng5 Rxc4?! { Inaccuracy. b5 was best. } 28. Bxf7+ Kh8 29. Bxc4 1-0

[Event "Danmarksmesterskabet 2026"]
[Site "Svendborg"]
[Date "2026.04.03"]
[Round "7.3"]
[White "Borge, Nikolaj"]
[Black "Nielsen, Viktor Haarmark"]
[Result "1/2-1/2"]
[WhiteElo "2367"]
[BlackElo "2389"]
[WhiteFideId "1400312"]
[BlackFideId "1444492"]
[EventDate "2026.03.28"]
[EventType "tourn"]
[EventRounds "9"]
[EventCountry "DEN"]
[SourceTitle "Live v. Kasper Jerwiarz"]

1. e4 e5 2. Nf3 Nc6 3. d4 exd4 4. Nxd4 Nf6 5. Nxc6 bxc6 6. e5 Qe7 7. Qe2 Nd5 8. c4 Nb6 9. b3 a5 10. Bb2 a4 11. Qc2 g6 12. e6?? { Blunder. Bd3 was best. } 12... Rg8?? { Blunder. Qxe6+ was best. } 13. h4?! { Inaccuracy. Be2 was best. } 13... Qxe6+ 14. Be2 Bb4+ 15. Kf1 a3?! { Inaccuracy. d5 was best. } 16. Bc3 Bxc3 17. Qxc3 Ba6?! { Inaccuracy. f5 was best. } 18. Rh3 Nd5 19. Qe1 Qf6 20. Nxa3 Nf4 21. Re3+ Kf8 22. Bf3 Kg7 23. Kg1?! { Inaccuracy. Qc3 was best. } 23... Rge8?! { Inaccuracy. d5 was best. } 24. Rd1 Rxe3 25. fxe3 Ne6 26. Nb1 Bc8 27. Nc3 Qe5 28. Qd2 Ra6 29. Ne4 f5 30. Nc3 Qg3 31. Qf2 Qe5 32. Qd2 Qg3 33. Qe1 Qe5 34. g3 d6 35. Kf2 Bd7 36. Qd2 Kf6 37. Ne2 Ke7 38. Rb1 Nc5 39. Nc3 Ra8 40. Kg2 Rf8 41. Qd4 Kf6?! { Inaccuracy. Ra8 was best. } 42. b4 Ne6 43. Qxe5+ Kxe5 44. a4 Ra8 45. a5 Nd8 46. Ra1 Be6 47. Be2 d5 48. cxd5 cxd5 49. a6 c6 50. b5 cxb5 51. Bxb5 Kd6 52. Na4? { Mistake. Be2 was best. } 52... Ra7?! { Inaccuracy. Nf7 was best. } 53. Kf3 Nc6 54. Kf4 h6?? { Blunder. Nd8 was best. } 55. Bxc6 Kxc6?! { Inaccuracy. Rxa6 was best. } 56. Ke5 Bd7?! { Inaccuracy. Bf7 was best. } 57. Rc1+ Kb5 58. Nc5?! { Inaccuracy. Nc3+ was best. } 58... Bc6 59. Kd6 Ba8 60. Ke5 Re7+?! { Inaccuracy. Kb6 was best. } 61. Kd4?? { Blunder. Ne6 was best. } 61... Kb6 62. Rf1 Rc7 63. Rb1+ Ka7 64. Rb4 Re7 65. Rb2 Rc7 66. Rb3 Re7 67. Rb4 Re8 68. Kd3 Re7 69. Rf4 Kb6 70. Kd4 Rc7 71. Nd3 Rc4+ 72. Ke5 Rc3?! { Inaccuracy. Rc2 was best. } 73. Rd4 Rc2?! { Inaccuracy. Ka7 was best. } 74. h5?? { Blunder. Nf4 was best. } 74... gxh5 75. Nf4 Rf2 76. Nxh5 Rf3 77. Ra4 Rxe3+ 78. Kxf5 Bc6 79. a7 Re8 80. Ra1 Ra8 81. Kg6 Rxa7 82. Rb1+ Kc5 83. Rc1+ Kd6 84. Kxh6 d4 85. g4 Bf3 86. g5?? { Blunder. Nf4 was best. } 86... d3 87. Rc3 Be4?? { Blunder. Ke5 was best. } 88. Nf6 Bf5 89. Rc1 Ke5 90. Rc5+ Ke6 91. Rc6+ Ke5 92. Rc5+ Kf4 93. Nh5+ Kg4 94. Nf6+ Kf4 95. Rd5 Ra6 96. Kh5?? { Blunder. Kg7 was best. } 96... Ra1?? { Blunder. Ra2 was best. } 97. Kh6 Rh1+ 98. Kg7 Kxg5 99. Ne4+ Kf4 100. Nf2 Rg1+ 101. Kf6 Rg6+ 102. Kf7 Rg3 103. Kf6 Bh7 104. Rd7 Ke3 105. Nxd3 Bxd3 106. Rd5 Kf4 107. Ra5 Rg6+ 108. Kf7 Be4 109. Ra4 Rh6 110. Rb4 Ke5 111. Rb5+ Bd5+ 112. Kg7 Rd6 113. Ra5 Kf5 114. Ra7 Rg6+ 115. Kh7 Rg5 116. Kh6 Rg3 117. Ra5 Rd3 118. Kg7 Rg3+ 119. Kh6 Ke5 120. Kh7 Ke6 121. Ra6+ Kf7 122. Kh6 Be6 123. Kh5 Kf6 124. Ra4 Rd3 125. Rb4 Rh3+ 126. Rh4 Rg3 127. Ra4 Rc3 128. Rb4 Bd7 129. Rf4+ Bf5 130. Ra4 Rc2 131. Kh4 Rg2 132. Rb4 Ke5 133. Kh5 Be4 134. Kh6?? { Checkmate is now unavoidable. Rb6 was best. } 134... Kf4?? { Lost forced checkmate sequence. Rg6+ was best. } 135. Rb6 Rg1 136. Ra6 Bd5 137. Ra4+ Ke5 138. Ra5 Ke6 139. Kh5 Rg8 140. Kh4 Ke5 141. Kh5 Rg2 142. Rb5 Ke4 143. Kh6 Rg8 144. Kh7 Kd4 145. Rxd5+ Kxd5 146. Kxg8 1/2-1/2

[Event "Danmarksmesterskabet 2026"]
[Site "Svendborg"]
[Date "2026.04.03"]
[Round "7.4"]
[White "Pilgaard, Kim"]
[Black "Medhus, Vitus Bondo"]
[Result "1/2-1/2"]
[WhiteElo "2355"]
[BlackElo "2439"]
[WhiteFideId "1400657"]
[BlackFideId "1462547"]
[EventDate "2026.03.28"]
[EventType "tourn"]
[EventRounds "9"]
[EventCountry "DEN"]
[SourceTitle "Live v. Kasper Jerwiarz"]

1. d4 d5 2. c4 e6 3. Nc3 Nf6 4. cxd5 exd5 5. Bg5 c6 6. e3 Be6 7. Bd3 Nbd7 8. Nge2 h6 9. Bh4 g5 10. Bg3 Nh5 11. Qc2 Nxg3 12. Nxg3 h5 13. O-O-O h4 14. Nf5 Qa5 15. g4 h3 16. Kb1 O-O-O 17. f3 Kb8 18. Qf2 Nb6 19. Rc1 Bxf5 20. gxf5 f6 21. Rhd1?! { Inaccuracy. f4 was best. } 21... Bd6 22. Rc2 Na4 23. Nxa4 Qxa4 24. Rg1 Qa5 25. a3 Qc7 26. Ka2 Rh7 27. Re1 Qd7 28. Rd1 Re7 29. Qg1 Rde8 30. Re2 Qc7 31. e4 Bf4 32. Qg4 Rh8 33. Qg1 Qd6 34. Bc2 a6 35. Bb3 Rhe8 36. Rde1 Qd7 37. Ka1 Bc7 38. Bc2 Qd6? { Mistake. Bb6 was best. } 39. e5 fxe5 40. Qxg5 e4 41. fxe4 dxe4 42. Bb3 Bd8?? { Blunder. Rf8 was best. } 43. f6 Rd7 44. Qh5 Rf8 45. f7 Bf6 46. Rxe4 Bxd4 47. Ka2 Qxh2?! { Inaccuracy. Bxb2 was best. } 48. Rxd4? { Mistake. Re8+ was best. } 48... Rxd4 49. Qc5 Rdd8 50. Qxf8 Rxf8 51. Re8+ Rxe8 52. fxe8=Q+ Kc7 53. Qe7+ Kb8 54. Qd8+ Ka7 55. Qd4+ Kb8 56. Qh8+ Ka7 57. Be6 Qf2 58. Qxh3 Qg1 59. Qh7 Qd4 60. Qf7 Kb8 61. Qf8+ Ka7 62. Qb4 Qg1?! { Inaccuracy. Qf2 was best. } 63. Qb3 Kb8 64. Qc3 Qf2 65. a4 Ka7 66. a5 Qg1 67. Qb4 Qf2?? { Blunder. Qg5 was best. } 68. Qc3?? { Blunder. Bc8 was best. } 68... Qg1 69. Ka3 Qf2 70. b4 Qf1 71. Bc4 Qg1 72. Bd3 Qh1?! { Inaccuracy. Ka8 was best. } 73. Qd4+ Ka8 74. Qd8+ Ka7 75. Qd4+ Ka8 76. Kb2 Qh6 77. Bxa6?! { Inaccuracy. Be2 was best. } 77... Qh2+ 78. Kc3 bxa6 79. Qd8+ Qb8 80. Qxb8+ Kxb8 81. Kd4 Kc8 82. Ke4 Kd7 83. Kd4 Kd6 84. Kc4 Kd7 1/2-1/2

[Event "Danmarksmesterskabet 2026"]
[Site "Svendborg"]
[Date "2026.04.03"]
[Round "7.5"]
[White "Ramsdal, Jens Albert"]
[Black "Olsen, Filip Boe"]
[Result "0-1"]
[WhiteElo "2329"]
[BlackElo "2456"]
[WhiteFideId "1429221"]
[BlackFideId "1440640"]
[EventDate "2026.03.28"]
[EventType "tourn"]
[EventRounds "9"]
[EventCountry "DEN"]
[SourceTitle "Live v. Kasper Jerwiarz"]

1. e4 c6 2. Nc3 d5 3. Nf3 Bg4 4. h3 Bxf3 5. Qxf3 e6 6. Be2 d4 7. Nb1 Ne7 8. d3 Ng6 9. O-O h5 10. Bd1 Bd6 11. Qe2 Nf4 12. Bxf4 Bxf4 13. Nd2 g5 14. e5 Nd7 15. Nf3 g4 16. Qe4 gxf3 17. Qxf4 fxg2 18. Re1 Nf8 19. Bf3 Ng6 20. Qg3 Qe7 21. Rab1 O-O-O 22. b4?! { Inaccuracy. Re2 was best. } 22... Rdg8 23. Re4?! { Inaccuracy. b5 was best. } 23... f6 24. exf6 Qxf6 25. b5 e5 26. bxc6 bxc6 27. Bxg2 Nf4 28. Rxf4 Qxf4 29. Qxf4 exf4 30. Kf1 Rg5 31. Bxc6 Rc5 32. Bb7+?! { Inaccuracy. Be4 was best. } 32... Kc7 33. Bf3 Rb8 34. Re1 Rb2 35. Re7+ Kb8 36. Bd1 Rxa2 37. Re4 f3?! { Inaccuracy. a5 was best. } 38. Ke1 a5 39. Rxd4 a4 40. Kd2 Kc7 41. Rb4 Ra1 42. Bxf3 Ra5 43. Rc4+ Kd6 44. Rc6+ Kd7 45. d4 a3 46. Rc5?! { Inaccuracy. Rb6 was best. } 46... Rxc5 47. dxc5 a2 0-1

[Event "Danmarksmesterskabet 2026"]
[Site "Svendborg"]
[Date "2026.04.04"]
[Round "8.1"]
[White "Chatalbashev, Boris"]
[Black "Ochsner, Bjorn Moller"]
[Result "1/2-1/2"]
[WhiteElo "2534"]
[BlackElo "2461"]
[WhiteFideId "2900440"]
[BlackFideId "1416928"]
[EventDate "2026.03.28"]
[EventType "tourn"]
[EventRounds "9"]
[EventCountry "DEN"]
[SourceTitle "Live v. Kasper Jerwiarz"]

1. Nf3 d5 2. g3 c5 3. Bg2 Nf6 4. O-O e6 5. c4 d4 6. e3 Nc6 7. exd4 cxd4 8. d3 Bd6 9. Bg5 h6 10. Bxf6 Qxf6 11. Nbd2 Qe7 12. Re1 O-O 13. Nb3 Qf6 14. Nfd2 Bc7 15. a3 a5 16. Nc5 Qe7 17. Na4 Rb8 18. Qb3 Ne5 19. Re2?! { Inaccuracy. Nb6 was best. } 19... Bd7 20. Nb6 Bc6 21. Be4? { Mistake. Nd5 was best. } 21... f5 22. Bxc6 bxc6 23. c5 Qxc5? { Mistake. f4 was best. } 24. Qxe6+ Rf7 25. Nbc4 Nxd3 26. Nf3 Qd5 27. Nh4?? { Blunder. Qxd5 was best. } 27... Nc5 28. Qg6 d3 29. Ne3 Qd6?! { Inaccuracy. Qd7 was best. } 30. Qxd6 Bxd6 31. Rd2?! { Inaccuracy. Ree1 was best. } 31... f4 32. Nc4 Be7 33. Nxa5 Bf6?? { Blunder. fxg3 was best. } 34. Ng6? { Mistake. Rad1 was best. } 34... Rxb2? { Mistake. fxg3 was best. } 35. Rxb2 Bxb2 36. Rb1?! { Inaccuracy. Rd1 was best. } 36... d2 37. Nc4 Bc1?? { Blunder. fxg3 was best. } 38. Nxd2 Bxd2 39. Rb8+ Kh7 40. Nf8+ Rxf8 41. Rxf8 fxg3 42. hxg3 Nb3 43. Rc8 Nd4 44. a4 Kg6 45. Ra8 Nb3 46. Ra6 Na5 47. Kf1 Kf5 48. Ke2 Bb4 49. Rb6? { Mistake. Ra7 was best. } 49... c5 50. Kd3 h5? { Mistake. Ke5 was best. } 51. f3?! { Inaccuracy. f4 was best. } 51... g5?! { Inaccuracy. Ke5 was best. } 52. Rh6? { Mistake. Ke2 was best. } 52... Be1?? { Blunder. c4+ was best. } 53. Rxh5? { Mistake. Ke2 was best. } 53... Bxg3 54. Rh8 c4+ 55. Kc2 Bd6 56. Rd8 Ke5 57. Rg8 Be7 58. Re8 Kd6 59. Ra8 Nc6 60. a5 Bf6 61. a6 Bd4 62. Rg8 Nb4+ 63. Kd1 Kc6? { Mistake. Kc7 was best. } 64. Rc8+?? { Blunder. Ra8 was best. } 64... Kb5 65. Rb8+ Ka5 66. Rc8 Nd5?? { Blunder. Kb5 was best. } 67. Rd8 Ne3+ 68. Kc1? { Mistake. Kd2 was best. } 68... Ba7 69. Rg8 Kxa6 70. Rxg5 Bb8?? { Blunder. Bd4 was best. } 71. Kb2 Bf4 72. Rh5 Kb6 73. Kc3 Kc6 74. Kd4 Nc2+ 1/2-1/2

[Event "Danmarksmesterskabet 2026"]
[Site "Svendborg"]
[Date "2026.04.04"]
[Round "8.2"]
[White "Olsen, Filip Boe"]
[Black "Liu, Casper Yukun"]
[Result "1-0"]
[WhiteElo "2456"]
[BlackElo "2334"]
[WhiteFideId "1440640"]
[BlackFideId "1454153"]
[EventDate "2026.03.28"]
[EventType "tourn"]
[EventRounds "9"]
[EventCountry "DEN"]
[SourceTitle "Live v. Kasper Jerwiarz"]

1. d4 Nf6 2. c4 e6 3. Nf3 d5 4. g3 Be7 5. Bg2 O-O 6. Nc3 dxc4 7. Ne5 Nc6 8. Bxc6 bxc6 9. Nxc6 Qe8 10. Nxe7+ Qxe7 11. Qa4 Nd5 12. O-O a5 13. Re1 Ba6 14. Qxa5 Nb4 15. Rb1 Rfd8 16. Qc5 Qxc5 17. dxc5 e5 18. Be3 f6 19. Red1 Bb7 20. Rxd8+ Rxd8 21. b3?! { Inaccuracy. f4 was best. } 21... cxb3 22. a3 Na2 23. Rxb3 Nxc3 24. Rxb7 Ra8?? { Blunder. Rd1+ was best. } 25. Rxc7 Nd5 26. Rd7 Nxe3 27. fxe3 Rc8 28. Rd5 Kf7 29. e4 Ke6 30. Kf2 Rc6?? { Blunder. h5 was best. } 31. Rd6+ Rxd6 32. cxd6 Kxd6 33. Ke3 Kc5 34. Kd3 Kb5 35. Kc3 h5 36. h3 g6 37. g4 1-0

[Event "Danmarksmesterskabet 2026"]
[Site "Svendborg"]
[Date "2026.04.04"]
[Round "8.3"]
[White "Nielsen, Viktor Haarmark"]
[Black "Ramsdal, Jens Albert"]
[Result "1-0"]
[WhiteElo "2389"]
[BlackElo "2329"]
[WhiteFideId "1444492"]
[BlackFideId "1429221"]
[EventDate "2026.03.28"]
[EventType "tourn"]
[EventRounds "9"]
[EventCountry "DEN"]
[SourceTitle "Live v. Kasper Jerwiarz"]

1. d4 e6 2. c4 d5 3. Nf3 Nf6 4. g3 dxc4 5. Bg2 c5 6. O-O Nc6 7. Qa4 Bd7 8. Qxc4 b5 9. Qc3 b4 10. Qd3 Be7?! { Inaccuracy. Rc8 was best. } 11. dxc5 Bxc5 12. Bg5 Qb6 13. Nbd2 Na5?? { Blunder. O-O was best. } 14. Ne5 Rd8 15. Qf3 Be7?! { Inaccuracy. Bd4 was best. } 16. Ne4 Rf8 17. Bxf6 Bxf6 18. Nxf6+ gxf6 19. Qxf6 Bb5 20. Rfd1 Rd6 21. Rxd6 Qxd6 22. Rc1 Qd8 23. Qf4 b3 24. Qb4 a6 25. a4 Bxe2 26. Nc6 1-0

[Event "Danmarksmesterskabet 2026"]
[Site "Svendborg"]
[Date "2026.04.04"]
[Round "8.4"]
[White "Hansen, Sune Berg"]
[Black "Pilgaard, Kim"]
[Result "1/2-1/2"]
[WhiteElo "2498"]
[BlackElo "2355"]
[WhiteFideId "1400266"]
[BlackFideId "1400657"]
[EventDate "2026.03.28"]
[EventType "tourn"]
[EventRounds "9"]
[EventCountry "DEN"]
[SourceTitle "Live v. Kasper Jerwiarz"]

1. Nf3 Nf6 2. c4 e6 3. g3 d5 4. Bg2 d4 5. e3 c5 6. exd4 cxd4 7. d3 Nc6 8. O-O Bd6 9. Bg5 h6 10. Bxf6 Qxf6 11. Nbd2 Qe7 12. Re1 O-O 13. a3 a5 14. Rc1 Rd8 15. Nh4 Bc7 16. Qh5 Qg5 17. Qe2 a4 18. Ne4 Qe7 19. c5 Ra5 20. Qd1 e5 21. Qh5?! { Inaccuracy. Rc4 was best. } 21... Qe6 22. h3 g5?? { Blunder. f5 was best. } 23. Nxg5?? { Blunder. Nf5 was best. } 23... hxg5 24. Qxg5+ Kf8 25. f4 Ne7 26. g4? { Mistake. f5 was best. } 26... Ke8? { Mistake. Ng8 was best. } 27. fxe5?! { Inaccuracy. Qg7 was best. } 27... Ra6 28. c6 bxc6 29. Be4?? { Blunder. Re2 was best. } 29... Qb3?? { Blunder. Bxe5 was best. } 30. Nf5 Bxf5 31. gxf5 Ra5?? { Blunder. Kd7 was best. } 32. f6?? { Blunder. e6 was best. } 32... Rxe5 33. Qg2?! { Inaccuracy. Qh4 was best. } 33... Ng6 34. Bxg6 fxg6 35. Qxc6+ Rd7 36. Rxe5+ Bxe5 37. Re1 Qd5 38. Qc8+ Kf7 39. Rxe5 Qxe5 40. Qxd7+ Kxf6 41. Qc6+ Kg7 42. Qb7+ Kh6 43. Qf3 Qe1+ 44. Kg2 Qd2+ 45. Kg3 Qg5+ 46. Kf2 Qd2+ 47. Qe2 Qf4+ 48. Kg2 Qg5+ 49. Kh2 Qf4+ 50. Kg2 Qg5+ 51. Kh2 Qf4+ 1/2-1/2

[Event "Danmarksmesterskabet 2026"]
[Site "Svendborg"]
[Date "2026.04.04"]
[Round "8.5"]
[White "Medhus, Vitus Bondo"]
[Black "Borge, Nikolaj"]
[Result "1-0"]
[WhiteElo "2439"]
[BlackElo "2367"]
[WhiteFideId "1462547"]
[BlackFideId "1400312"]
[EventDate "2026.03.28"]
[EventType "tourn"]
[EventRounds "9"]
[EventCountry "DEN"]
[SourceTitle "Live v. Kasper Jerwiarz"]

1. c4 e5 2. g3 c5 3. Bg2 Nc6 4. Nc3 Nge7 5. d3 d6 6. Nf3 g6 7. Bg5 Bg7 8. Nd5 h6 9. Bxe7 Nxe7 10. Nxe7 Kxe7 11. Nd2 Rb8 12. Qc2 Be6 13. O-O Qd7 14. Ne4 h5 15. Rab1 h4 16. b4 hxg3 17. fxg3?! { Inaccuracy. bxc5 was best. } 17... Bh6 18. Rf3?! { Inaccuracy. h4 was best. } 18... cxb4 19. Rxb4 Qc7 20. Qb2 Bg4?! { Inaccuracy. b5 was best. } 21. Rf6 Be3+ 22. Kf1 Bd4?! { Inaccuracy. Bc5 was best. } 23. Qc1 Rh5 24. Bf3?? { Blunder. Rb5 was best. } 24... Bxf3 25. exf3?? { Blunder. Rxf3 was best. } 25... d5 26. Qa3?! { Inaccuracy. Rxg6 was best. } 26... Bc5?? { Blunder. dxe4 was best. } 27. cxd5 a5?? { Blunder. Kf8 was best. } 28. Rc4 b6 29. Rxc5 bxc5 30. d6+ Qxd6 31. Rxd6 Rxh2 32. Rb6 1-0

[Event "Danmarksmesterskabet 2026"]
[Site "Svendborg"]
[Date "2026.04.05"]
[Round "9.1"]
[White "Ochsner, Bjorn Moller"]
[Black "Olsen, Filip Boe"]
[Result "1-0"]
[WhiteElo "2461"]
[BlackElo "2456"]
[WhiteFideId "1416928"]
[BlackFideId "1440640"]
[EventDate "2026.03.28"]
[EventType "tourn"]
[EventRounds "9"]
[EventCountry "DEN"]
[SourceTitle "Live v. Kasper Jerwiarz"]

1. e4 e5 2. Nf3 Nf6 3. d4 Nxe4 4. Bd3 d5 5. Nxe5 Bd6 6. O-O O-O 7. c4 c5 8. cxd5 Nf6 9. Bc2 cxd4 10. Qxd4 Qc7 11. Nc4 Bxh2+ 12. Kh1 b5 13. Ne3 Qe5 14. Qh4 Bf4 15. Nc3 Re8 16. Nc4 bxc4 17. Bxf4 Qh5 18. Qxh5 Nxh5 19. Rfe1 Bd7 20. Rxe8+ Bxe8 21. Re1 Na6 22. Bd6 Nf6 23. Re7 Rd8 24. Ba3 Bd7 25. Bd1 Nc7 26. Bf3 a6 27. Bb4 Rc8 28. d6 Nce8 29. Nd5 Rd8 30. Ba5 Rb8 31. Nb6 Be6 32. d7 Nd6 33. Nxc4 Nxc4 34. d8=Q+ Rxd8 35. Bxd8 Nxb2 36. Ra7 1-0

[Event "Danmarksmesterskabet 2026"]
[Site "Svendborg"]
[Date "2026.04.05"]
[Round "9.2"]
[White "Liu, Casper Yukun"]
[Black "Nielsen, Viktor Haarmark"]
[Result "1-0"]
[WhiteElo "2334"]
[BlackElo "2389"]
[WhiteFideId "1454153"]
[BlackFideId "1444492"]
[EventDate "2026.03.28"]
[EventType "tourn"]
[EventRounds "9"]
[EventCountry "DEN"]
[SourceTitle "Live v. Kasper Jerwiarz"]

1. e4 e5 2. Nf3 Nc6 3. Bb5 a6 4. Ba4 Nf6 5. O-O Be7 6. Re1 b5 7. Bb3 d6 8. c3 O-O 9. h3 Nb8 10. d4 Nbd7 11. Nbd2 Bb7 12. Bc2 Re8 13. Nf1 Bf8 14. Ng3 g6 15. Rb1 Bg7 16. d5 Qb8 17. b3 c6 18. c4 Qc7 19. Bd3 bxc4 20. bxc4 Nc5 21. Be3 Nfd7 22. Bf1 a5 23. Qd2 Reb8 24. Bh6 f6 25. Nh2 cxd5 26. cxd5 Ba6 27. Bxa6 Rxa6 28. Bxg7 Kxg7 29. Ng4 Rxb1 30. Rxb1 Rb6 31. Rc1 Rb4 32. h4 Qd8 33. h5 Nf8 34. hxg6 hxg6 35. Qh6+ Kg8 36. Qh4 Kg7 37. Qh6+ Kg8 38. Qh4 Kg7 39. Nxe5 Qe8 40. Nc4 Qd8 41. Rc3 Na4 42. Nf5+ Kg8 43. Rh3 Rxc4 44. Qh8+ Kf7 45. Qg7+ Ke8 46. Rh8 Nc5 47. Rxf8# 1-0

[Event "Danmarksmesterskabet 2026"]
[Site "Svendborg"]
[Date "2026.04.05"]
[Round "9.3"]
[White "Pilgaard, Kim"]
[Black "Chatalbashev, Boris"]
[Result "0-1"]
[WhiteElo "2355"]
[BlackElo "2534"]
[WhiteFideId "1400657"]
[BlackFideId "2900440"]
[EventDate "2026.03.28"]
[EventType "tourn"]
[EventRounds "9"]
[EventCountry "DEN"]
[SourceTitle "Live v. Kasper Jerwiarz"]

1. d4 Nf6 2. c4 g6 3. Nc3 Bg7 4. e4 d6 5. f3 O-O 6. Be3 c5 7. dxc5 dxc5 8. Qxd8 Rxd8 9. Bxc5 Nc6 10. Nd5 Nd7 11. Nxe7+ Nxe7 12. Bxe7 Bxb2 13. Rb1 Bc3+ 14. Kd1 Re8 15. Ne2 Be5 16. Bh4 Nb6 17. Nc1 Be6 18. c5 Na4 19. Rxb7 Nxc5 20. Rb5 Bd4 21. Nb3 Nxb3 22. axb3 Rab8 23. Kd2 Bxb3 24. Bg3 Rb6 25. Bd3 Rc8 26. Rb1 Be6 27. Bf4 Ra6 28. Rb8 Ra2+ 29. Kd1 Rxb8 30. Rxb8+ Kg7 31. Bc2 a5 32. g4 Ra3 33. g5 Rxf3 34. Bd6 h5 35. gxh6+ Kxh6 36. Ba4 Bc4 37. Bg3 Rd3+ 38. Kc2 Rc3+ 39. Kd2 Ra3 40. Bc6 Ra2+ 41. Kc1 Bd3 42. Kd1 Bc3 43. Bf4+ g5 0-1